| 000 | 00000nam##2200000za#4500 |
| 001 | 9.699242 |
| 003 | CaOODSP |
| 005 | 20241203113638 |
| 007 | cr ||||||||||| |
| 008 | 150407|1994||||xxc|||||o f|0| 0 eng|d |
| 040 | |aCaOODSP|beng |
| 043 | |an-cn--- |
| 086 | 1 |aEn37-109/1994E-PDF |
| 110 | 1 |aCanada. |bEnvironment Canada. |
| 245 | 10|aMonitoring surface water quality : |h[electronic resource]|ba guide for citizens, students, and communities in Atlantic Canada / |ceditors: Hugh J. O'Neill, Matthew McKim, Dr. John Allen, Jerry Choate ; a product of the Canada-New Brunswick Water/Economy Arrangement. |
| 246 | 1 |iAt head of title : |aCanada-New Brunswick Water/Economy Agreement |
| 260 | |aOttawa - Ontario : |bEnvironment Canada |c1994. |
| 300 | |a77p.|bglossary, references, tables |
| 500 | |aThe catalogue number (EN37-109-1994E) and ISBN (0-662021530-3) for the print edition have been copied in this electronic publication. |
| 590 | |a14-21-Supp|b2014-12-11 |
| 690 | 07|aSurface water|2gcpds |
| 690 | 07|aEnvironmental management|2gcpds |
| 690 | 07|aWater quality|2gcpds |
| 775 | 08|tSurveillance de la qualité des eaux de surface : |w(CaOODSP)9.643215 |
| 856 | 40|ahttp://publications.gc.ca|qPDF|s259 KB|uhttps://publications.gc.ca/collections/collection_2014/ec/En37-109-1994-eng.pdf |